000 00487nam a2200181 a 4500
001 34547
005 20180714002708.0
008 140415s1972 000 0 spa d
041 _aspa
082 _a800
_bBIB
100 1 _aPlatón,.
245 1 0 _aDIALOGOS SOCRATICOS
260 _a[s.l.] :
_bSALVAT EDITORES,
_c1972
300 _a143
490 _aBIBLIOTECA GENERAL SALVAT
_v58
650 1 4 _aFILOSOFIA CLASICA
_xSOCRATICOS
700 1 _aGARCIA CALVO, AGUSTIN
_etr.
999 _c34547
_d34547